000 02207cam a22005054i 4500
003 PE-LiUPU
005 20250731183436.0
008 141001s2008 pe a rb 000 0 spa d
020 _a9786034526105
035 _a(Sirsi) i9786034526105
035 _a(Sirsi) 48362
035 _a(Sirsi) 48362
040 _aPE-LiUPU
_bspa
_cPE-LiUPU
_dPE-LiUPU
_erda
041 _aspa
_aeng
082 0 4 _a729
_bO72
100 1 _aOrrego Herrera, José A.
245 1 0 _aJosé Orrego, arquitecto /
_c[diseno y cuidado de la edicion, Juan Solano ; traductor Stephanie Ingunza].
264 1 _aLima :
_bConsultora Metrópolis,
_c2008
300 _a191 páginas :
_bilustraciones ;
_c34 cm
336 _atext
_2rdacontent
337 _aunmediated
_2rdamedia
338 _avolume
_2rdacarrier
505 0 _aModernidad para la vida urbana = Modernism for city life -- Arquitectura generosa y libre = Generous and free architecture -- Dedicatoria = Dedication -- Casas = Houses -- Comercios = Shops -- Oficinas = Offices -- Instituciones = Institutions.
526 _aP158
526 _aP146
526 _aP17
526 _aP12
526 _aP06
600 1 4 _aOrrego Herrera, José A.
_vCatálogos
650 1 4 _aArquitectura
_zPerú
_xHistoria
_ySiglo XXI
650 1 4 _aArquitectura
_zPerú
_xHistoria
_ySiglo XX
700 1 _aIngunza, Stephanie,
_etraductor.
700 1 _aSolano, Juan,
_eedición.
942 _2ddc
_cBOOK
949 _a729 O72
_i66307
_lCCODEBUL1
_mBUL
_tLIBRO
_o.STAFF. Colección general
949 _a729 O72
_i70447
_lCCODEBUL1
_mBUL
_tLIBRO
_o.STAFF. Colección general
859 _q66307
_h729
_iO72
910 _afsr
_b
_cfsr
_d20130107
910 _apeb
596 _a1
999 _a729 O72
_wDEWEY
_c54566
_i66307
_d54566
_f2021-11-10
_g7
_lCCODEBUL1
_mBUL
_p23.00
_q1
_r0
_sY
_tBOOK
_u2015-7-6
_xINGENIERIA
_PP06
_o.STAFF. Colección General
999 _a729 O72
_wDEWEY
_c2
_i70447
_d2018-7-4
_f2021-11-10
_g6
_lCCODEBUL1
_mBUL
_p18.00
_q1
_r0
_sY
_tBOOK
_u2015-7-22
_xINGENIERIA
_PP06
_0COMPRA
_o.STAFF. Colección General
980 _81
_gALBERTO SANCHEZ Responsable de Automatización